| 000 | 00471 a2200193 4500 | ||
|---|---|---|---|
| 001 | 065982 | ||
| 003 | OSt | ||
| 005 | 20251210155425.0 | ||
| 008 | |||
| 082 |
_a512.02 _bF84F |
||
| 100 | 1 | _aFraleigh, John B. | |
| 245 | 1 |
_aA first course in abstract algebra _cBy John B. Fraleigh |
|
| 250 | _a3rd ed. | ||
| 260 |
_aNew Delhi _bNarosa _c2003 |
||
| 300 | _a478p. | ||
| 500 | _aEnglish | ||
| 690 | _aAlgebra, Abstract | ||
| 942 |
_2ddc _cBK |
||
| 999 |
_c197 _d197 |
||